000 00652nam a22002177a 4500
008 240706b mp ||||| |||| 00| 0 mon d
035 _a3336
040 _aBH0164090
_bmon
_cMN-UlNLM
_dMN-UlNLM
_erda
041 _amon
042 _a54131
084 _2NNA
_a84/2орос/
_bД-404
100 _aДефо Д.
245 0 _aРобинзон Крузо
264 _aУлаанбаатар
_bСоёмбо хэвлэлийн газар
_c2008
300 _a113х.
336 _2rdacontent
_atext
_btxt
337 _2rdamedia
_aunmediated
_bn
338 _2rdacarrier
_avolume
_bnc
650 _aТууж Гарчиг: Тууж
942 _2NNA
_cBK
999 _c1102772
_d1102829